000
00303nam a22001337a 4500
008
180803b xxu||||| |||| 00| 0 eng d
082
_a
813.52
245
_a
The art of public speaking
_c
LUCAS.S.E
260
_c
2007
300
_a
6
_f
CD
440
_x
9780073216508
760
_b
9 th
942
_2
ddc
_c
MX
999
_c
46778
_d
46778